Least Peaceful Countries - Statistics

General Stats
  • This quiz has been taken 27 times
  • The average score is 15 of 20
Answer Stats
# Country % Correct
5 Iraq
100%
3 Syria
100%
10 Russia
96%
2 Yemen
96%
1 Afghanistan
92%
8 Libya
88%
6 Somalia
88%
4 South Sudan
88%
13 North Korea
84%
11 Sudan
84%
7 D.R. Congo
80%
18 Nigeria
80%
16 Mali
76%
14 Pakistan
76%
9 Central African Republic
72%
12 Venezuela
68%
19 Cameroon
52%
17 Lebanon
48%
20 Colombia
40%
15 Turkey
40%
No matching quizzes found
Score Distribution
Percent of People with Each Score
Percentile by Number Answered
Your Score History
You have not taken this quiz